000 00311nam a2200121Ia 4500
008 190216s9999||||xx |||||||||||||| ||und||
100 _aShanthilal Nagori
245 0 _aHindi-Big Ki Pracheen Samyathaom Ka Ithihas
260 _bSree Nagosha Publications
_c2010
300 _a216
650 _aHindi
942 _cBK
999 _c16662
_d16662